LIBRARY & INFORMATION CENTRE, KCAET, TAVANUR

ONLINE PUBLIC ACCESS CATALOGUE (OPAC)

A Complete Reference Guide Data Structures Through C (Record no. 15638)

MARC details
000 -LEADER
fixed length control field 00388nam a22001457a 4500
003 - CONTROL NUMBER IDENTIFIER
control field OSt
008 - FIXED-LENGTH DATA ELEMENTS--GENERAL INFORMATION
fixed length control field 190522b ||||| |||| 00| 0 eng d
020 ## - INTERNATIONAL STANDARD BOOK NUMBER
ISBN 8178841398
082 ## - DEWEY DECIMAL CLASSIFICATION NUMBER
Classification number 005.133
Item number AGA/CO
100 ## - MAIN ENTRY--AUTHOR NAME
Personal name Agarwal, Ajay.
245 ## - TITLE STATEMENT
Title A Complete Reference Guide Data Structures Through C
260 ## - PUBLICATION, DISTRIBUTION, ETC. (IMPRINT)
Place of publication New Delhi
Name of publisher Cyber Tech publications
Year of publication 2008
300 ## - PHYSICAL DESCRIPTION
Number of Pages 631 p.
942 ## - ADDED ENTRY ELEMENTS (KOHA)
Koha item type Books
Holdings
Withdrawn status Lost status Damaged status Collection code Home library Current library Shelving location Date acquired Full call number Accession Number Koha item type
      Non-fiction KAUAET KAUAET General Stacks 22/05/2019 005.133 AGA/CO 25864 Books
      Non-fiction KAUAET KAUAET General Stacks 22/05/2019 005.133 AGA/CO 25863 Books
free website counter